[Event "Astrakhan op"]
[Site "Astrakhan"]
[Date "2011.08.21"]
[Round "5.2"]
[White "Bedirov, Timur"]
[Black "Petrov, Pavel"]
[Result "1/2-1/2"]
[WhiteElo "2257"]
[BlackElo "2009"]
[PlyCount "20"]
[EventDate "2011.08.17"]
[EventType "swiss"]
[EventRounds "9"]
[EventCountry "RUS"]
[SourceTitle "EXT 2022"]
[Source "ChessBase"]
[SourceDate "2021.10.06"]
[SourceVersion "1"]
[SourceVersionDate "2021.10.06"]
[SourceQuality "1"]

1. d4 d5 2. c4 c6 3. cxd5 cxd5 4. Nf3 Nf6 5. Nc3 Nc6 6. Bf4 a6 7. e3 Bf5 8. Ne5 Qb6 9. Nxc6 bxc6 10. Qa4 e6 1/2-1/2

[Event "RUS-ch U18"]
[Site "Rybinsk"]
[Date "2001.??.??"]
[Round "3"]
[White "Bedirov, Timur"]
[Black "Gochelashvili, David"]
[Result "1-0"]
[WhiteElo "2194"]
[BlackElo "2328"]
[PlyCount "61"]
[EventDate "2001.02.??"]
[EventType "swiss"]
[EventRounds "10"]
[EventCountry "RUS"]
[SourceTitle "EXT 2002"]
[Source "ChessBase"]
[SourceDate "2001.11.25"]
[SourceVersion "1"]
[SourceVersionDate "2001.11.25"]
[SourceQuality "1"]

1. d4 Nf6 2. c4 c5 3. Nf3 g6 4. Nc3 Bg7 5. g3 0-0 6. Bg2 Nc6 7. 0-0 d6 8. d5 Na5 9. Nd2 a6 10. Qc2 e6 11. b3 Rb8 12. Bb2 b5 13. Rab1 Re8 14. e4 Bd7 15. Ba1 Qc8 16. Rfe1 exd5 17. Nxd5 Nxd5 18. Bxg7 Kxg7 19. exd5 f6 20. Qc3 b4 21. Qa1 Bf5 22. Be4 Nb7 23. Re3 Bxe4 24. Nxe4 Qf5 25. Rbe1 Kf7 26. h4 Re5 27. Kg2 Rbe8 28. Rf3 Qh5 29. Rxf6+ Kg8 30. Rf4 Rf8 31. Nf6+ 1-0

[Event "RUS-Cup"]
[Site "Nizhnij Novgorod"]
[Date "1999.??.??"]
[Round "5"]
[White "Yagupov, Igor"]
[Black "Bedirov, Timur"]
[Result "1/2-1/2"]
[WhiteElo "2450"]
[BlackElo "2269"]
[PlyCount "70"]
[EventDate "1999.??.??"]
[EventType "swiss"]
[EventRounds "9"]
[EventCountry "RUS"]
[SourceTitle "EXT 2001"]
[Source "ChessBase"]
[SourceDate "2000.11.22"]
[SourceVersion "1"]
[SourceVersionDate "2000.11.22"]
[SourceQuality "1"]

1. e4 c5 2. Nf3 d6 3. d4 cxd4 4. Nxd4 Nf6 5. Nc3 g6 6. Be3 Bg7 7. f3 0-0 8. Qd2 Nc6 9. 0-0-0 d5 10. exd5 Nxd5 11. Nxc6 bxc6 12. Bd4 Bxd4 13. Qxd4 Qc7 14. h4 h5 15. Ne4 Qf4+ 16. Qd2 Qe5 17. Bc4 Rb8 18. Bb3 Bf5 19. Rhe1 Bxe4 20. Rxe4 Qf6 21. c4 Nb4 22. Qd4 Rfd8 23. Qxf6 exf6 24. Red4 Re8 25. Rd7 Re2 26. Rxa7 Rxg2 27. Rdd7 c5 28. Rxf7 Nd3+ 29. Kb1 Rxb2+ 30. Ka1 Rf2 31. Rg7+ Kh8 32. Rh7+ Kg8 33. Rag7+ Kf8 34. Rf7+ Kg8 35. Rfg7+ Kf8 1/2-1/2